00354nam a2200157Ia 450000100040000000500170000400800410002104100080006208200130007010000410008324500190012426000090014330000280015265000080018065400080018889320260306140551.0260306t2001||||xx |||||||||||||| ||spa|| aESP a170bP21 aPalomino Ramírez, Teodosio A.eAUT 0aLa doble moral c2001 a175 páginas :c20 cm. aGEN aCHU